LEADER 01100nam0-2200361li-450 001 990000148610203316 005 20180312154827.0 010 $a88-7056-100-3 035 $a0014861 035 $aUSA010014861 035 $a(ALEPH)000014861USA01 035 $a0014861 100 $a20001109d1981----km-y0itay0103----ba 101 0 $aita 102 $aIT 200 1 $aElettronica integrata digitale$fHerbert Taub, Donald Schilling$gversione italiana a cura di Elisabetta Cuniberti ... [et al.] 210 $aMilano$cJackson$d1981 610 1 $aelettronica digitale 676 $a621.382$9. 700 1$aTaub,$bHerbert$01403 702 1$aCuniberti,$bElisabetta 702 1$aSchilling,$bDonald 801 $aSistema bibliotecario di Ateneo dell' Università di Salerno$gRICA 912 $a990000148610203316 951 $a621.382 TAU$b0004228 959 $aBK 969 $aTEC 979 $c19940405 979 $c20001110$lUSA01$h1712 979 $c20020403$lUSA01$h1622 979 $aPATRY$b90$c20040406$lUSA01$h1611 996 $aElettronica integrata digitale$91501360 997 $aUNISA LEADER 01164nam--2200385---450- 001 990003118560203316 005 20091116144040.0 010 $a978-981-230-750-7 035 $a000311856 035 $aUSA01000311856 035 $a(ALEPH)000311856USA01 035 $a000311856 100 $a20080612d2008----km-y0itay50------ba 101 $aeng 102 $aSG 105 $a||||||||001yy 200 1 $aAsean$fRodolfo C. Severino 210 $aSingapore$cInstitute of Southeast Asian Studies$d2008 215 $aV, 110 p.$d21 cm 225 2 $aSoutheast Asia Background$v10 410 0$12001$aSoutheast Asia Background$v10 454 1$12001 461 1$1001-------$12001 607 0 $aAsia sud-orientale$xRelazioni internazionali$2BNCF 676 $a337.159 700 1$aSEVERINO,$bRodolfo C.$0480424 801 0$aIT$bsalbc$gISBD 912 $a990003118560203316 951 $aXXIII.2.D. 246 (IG VIII 10 ING 1052)$b59373 G.$cXXIII.2.D. 246 (IG VIII 10 ING)$d00166278 959 $aBK 969 $aGIU 979 $aFIORELLA$b90$c20080612$lUSA01$h1333 979 $aRSIAV4$b90$c20091116$lUSA01$h1440 996 $aASEAN$9257588 997 $aUNISA